|
|
|
|
| LEADER |
00793cam a2200205 7i4500 |
| 001 |
0000030814 |
| 005 |
20140206090000.0 |
| 090 |
0 |
0 |
|a WESA 363.738740956
|b INC
|
| 245 |
0 |
0 |
|a Increasing resilience to climate change in the agricultural sector of the Middle East :
|b the cases of Jordan and Lebanon.
|
| 260 |
0 |
0 |
|a Washington D.C.:
|b The World Bank,
|c 2013.
|
| 300 |
# |
# |
|a 139 p.
|
| 650 |
0 |
0 |
|a Corps and climate --
|z Jordan
|
| 650 |
0 |
0 |
|a Corps and climate --
|z Lebanon
|
| 650 |
0 |
0 |
|a Climate change --
|x Government policy --
|z Jordan
|
| 650 |
0 |
0 |
|a Climate change --
|x Government policy --
|z Lebanon
|
| 650 |
0 |
0 |
|a Agriculture and state --
|z Jordan
|
| 650 |
0 |
0 |
|a Agriculture and state --
|z Lebanon
|
| 651 |
0 |
0 |
|a Lebanon
|
| 651 |
0 |
0 |
|a Jordan
|
| 999 |
|
|
|a 0000033545
|b Book
|c Regions
|e Business Information Centre
|